000 00287nam a22001217a 4500
008 180214b xxu||||| |||| 00| 0 eng d
041 _aeng
080 _a32
100 _a23
101 _aPOL
245 _aCONTIUTY AND CHANGE IN AN EGYPTIAN COMMUNITY
_cHAN.F
942 _2udc
_cBK
999 _c42519
_d42519